000 00414nam a2200181Ia 4500
008 210210b1954 xxu||||| |||| 00| 0 eng d
041 _aeng
082 _a824/291
100 _a-
245 _aShakespeare survey No 7
260 _aCambridge
_bAt the University Press.
_c1954
650 _asurvey
650 _aShakespeare
650 _aNo
650 _a7
690 _aEnglish Criticism
906 _a014241
999 _c133372
_d133372